[Event "59th World Juniors 2022"]
[Site "Cala Gonone ITA"]
[Date "2022.10.20"]
[Round "9.3"]
[White "Svane, Frederik"]
[Black "Sonis, Francesco"]
[Result "0-1"]
[WhiteTitle "GM"]
[BlackTitle "GM"]
[WhiteElo "2566"]
[BlackElo "2531"]
[WhiteFideId "12923044"]
[BlackFideId "895733"]
[EventDate "2022.10.12"]

1. c4 e6 2. Nc3 d5 3. cxd5 exd5 4. d4 c6 5. Bf4 Bf5 6. e3 Nf6 7. Nge2 Qb6 8. Qd2
Ne4 9. Nxe4 Bxe4 10. Nc3 Bg6 11. Bd3 Nd7 12. O-O Be7 13. Rab1 a5 14. f3 Rd8 15.
Bxg6 hxg6 16. Rbd1 Nf8 17. g4 Ne6 18. Bg3 O-O 19. Kg2 Bd6 20. Bxd6 Rxd6 21. h4
Re8 22. Qf2 c5 23. f4 cxd4 24. exd4 Nc7 25. f5 gxf5 26. gxf5 Rh6 27. Rde1 Rd8
28. Qg3 Ne8 29. Rf4 Qxb2+ 30. Re2 Qb6 31. Rg4 Qc6 32. a4 Kh8 33. Rg5 Rc8 34. Re7
Nf6 35. Rxf7 Qxc3 36. Rf8+ Ng8 37. Rxc8 Qxc8 38. Rxg7 Nf6 39. Rc7 Qg8 40. Qxg8+
Kxg8 41. Kg3 Rh7 42. Rc8+ Kf7 43. Rb8 Ne4+ 44. Kf4 Kf6 45. Rf8+ Ke7 46. Rc8 Kd7
47. Rg8 Rxh4+ 48. Ke5 Nd6 49. Rg6 Nxf5 50. Kxf5 Rxd4 51. Ke5 Rxa4 52. Kxd5 Rb4
53. Rg7+ Kc8 54. Kc5 Kb8 55. Rg8+ Ka7 56. Rf8 b6+ 0-1

[Event "59th World Juniors 2022"]
[Site "Cala Gonone ITA"]
[Date "2022.10.20"]
[Round "9.4"]
[White "Prraneeth, Vuppala"]
[Black "Esipenko, Andrey"]
[Result "0-1"]
[WhiteTitle "IM"]
[BlackTitle "GM"]
[WhiteElo "2451"]
[BlackElo "2668"]
[WhiteFideId "46622373"]
[BlackFideId "24175439"]
[EventDate "2022.10.12"]

1. e4 e5 2. Nf3 Nc6 3. Bb5 a6 4. Ba4 Bc5 5. O-O Nge7 6. c3 Ba7 7. d4 Ng6 8. Bg5
f6 9. Be3 O-O 10. Nbd2 Kh8 11. Re1 d6 12. Bc2 f5 13. exf5 Bxf5 14. Bxf5 Rxf5 15.
Ne4 Qg8 16. Ng3 Rff8 17. dxe5 Bxe3 18. Rxe3 Ngxe5 19. Nxe5 Nxe5 20. Qd4 Qf7 21.
f3 a5 22. b3 b5 23. Rf1 a4 24. f4 Ng4 25. Re2 axb3 26. axb3 Qxb3 27. Re7 Rf7 28.
Rfe1 Nf6 29. h3 Raf8 30. Kh2 h6 31. Qd3 Qc4 32. Qg6 Qxf4 33. Rf1 Qxf1 34. Nxf1
Rxe7 35. Ng3 Nd7 36. Nf5 Ne5 37. Qh5 Re6 38. Nd4 Rg6 39. Qh4 c6 40. Kg1 Nf3+ 41.
Nxf3 Rxf3 42. Qe4 Rfg3 43. Qxc6 Rxg2+ 44. Kf1 R2g5 0-1

[Event "59th World Juniors 2022"]
[Site "Cala Gonone ITA"]
[Date "2022.10.20"]
[Round "9.5"]
[White "Nesterov, Arseniy"]
[Black "Isik, Alparslan"]
[Result "1/2-1/2"]
[WhiteTitle "GM"]
[BlackTitle "FM"]
[WhiteElo "2567"]
[BlackElo "2377"]
[WhiteFideId "24198455"]
[BlackFideId "34506896"]
[EventDate "2022.10.12"]

1. d4 Nf6 2. c4 e6 3. Nf3 d5 4. Nc3 c5 5. cxd5 cxd4 6. Qxd4 exd5 7. Bg5 Be7 8.
e3 O-O 9. Be2 h6 10. Bh4 Nc6 11. Qd3 Be6 12. O-O Qb6 13. a3 Rfd8 14. b4 a6 15.
Rac1 Qa7 16. Na4 Rac8 17. Nc5 Bg4 18. Nd4 Ne5 19. Qd1 Bxe2 20. Qxe2 g6 21. Nf3
b6 22. Nxe5 bxc5 23. Qf3 g5 24. Bg3 Qb6 25. bxc5 Bxc5 26. Rb1 Qe6 27. Rb7 Nd7
28. h4 Be7 29. Nxd7 Rxd7 30. Rxd7 Qxd7 31. hxg5 hxg5 32. Be5 Qe6 33. Bd4 g4 34.
Qf4 Bxa3 35. Qg5+ Kf8 36. Bf6 Rc1 37. Qg7+ Ke8 38. Qg8+ Kd7 39. Qd8+ Kc6 40.
Rxc1+ Bxc1 41. Bd4 Bd2 42. Qb6+ Kd7 43. Qb7+ Ke8 44. Bb6 f6 45. Qxa6 Bc3 46. Qb7
Be5 47. Bc5 Qd7 48. Qa8+ Qd8 49. Qa6 Qd7 50. Qd3 Qe6 51. Qh7 Kd8 52. g3 Ke8 53.
Qb7 Qd7 54. Qa8+ Qd8 55. Qa2 Qd7 56. e4 Qc6 57. Qa7 Kd8 58. Qe7+ Kc8 59. Qf8+
Kb7 60. Qf7+ Ka6 61. Qxd5 Qxd5 62. exd5 Kb5 63. Be7 f5 64. Kf1 Bd4 65. Ke2 Bc5
66. Bxc5 1/2-1/2

[Event "59th World Juniors 2022"]
[Site "Cala Gonone ITA"]
[Date "2022.10.20"]
[Round "9.6"]
[White "Mendonca, Leon Luke"]
[Black "Petriashvili, Nikoloz"]
[Result "1-0"]
[WhiteTitle "GM"]
[BlackTitle "IM"]
[WhiteElo "2558"]
[BlackElo "2428"]
[WhiteFideId "35028561"]
[BlackFideId "13611216"]
[EventDate "2022.10.12"]

1. d4 d5 2. Nf3 Nf6 3. c4 c6 4. e3 Bg4 5. Qb3 Qb6 6. Ne5 Bf5 7. cxd5 Qxb3 8.
axb3 Nxd5 9. Bd3 Bxd3 10. Nxd3 e6 11. Bd2 Na6 12. Ke2 Bd6 13. Na3 Nac7 14. Nc4
Nb5 15. g4 Be7 16. h4 f6 17. Rag1 Rd8 18. g5 Kf7 19. Rg2 Bf8 20. Rhg1 b6 21. h5
Ne7 22. h6 g6 23. gxf6 Kxf6 24. Nce5 Bxh6 25. Ng4+ Kg7 26. Nxh6 Kxh6 27. Nf4 Nc7
28. Bc3 Kg7 29. d5+ Kg8 30. dxc6 Nxc6 31. Bxh8 Kxh8 32. Nxg6+ hxg6 33. Rxg6 Rd7
34. Rh6+ Rh7 35. Rxh7+ Kxh7 36. Rc1 1-0

[Event "59th World Juniors 2022"]
[Site "Cala Gonone ITA"]
[Date "2022.10.20"]
[Round "9.7"]
[White "Stoyanov, Tsvetan"]
[Black "Iniyan, P"]
[Result "1/2-1/2"]
[WhiteTitle "IM"]
[BlackTitle "GM"]
[WhiteElo "2449"]
[BlackElo "2541"]
[WhiteFideId "2917173"]
[BlackFideId "25002767"]
[EventDate "2022.10.12"]

1. e4 c5 2. Nf3 d6 3. d4 cxd4 4. Nxd4 Nf6 5. Nc3 a6 6. Qf3 Nbd7 7. h3 h5 8. Be3
e6 9. Bd3 Qc7 10. a4 b6 11. O-O Bb7 12. Qe2 Nc5 13. Bg5 Be7 14. f4 h4 15. Qe1
Nh5 16. Bxe7 Qxe7 17. Nde2 g5 18. fxg5 Qxg5 19. Qc1 Qe5 20. Qe3 f5 21. b4 fxe4
22. bxc5 exd3 23. Qxe5 dxe5 24. cxd3 bxc5 25. Rab1 Rh7 26. Rb6 O-O-O 27. Rxe6
Rg7 28. Rf2 Rxd3 29. Rxe5 Ng3 30. Rxc5+ Kb8 31. Rc4 Nxe2+ 32. Nxe2 Rxh3 33. Nd4
Rhg3 34. Nc6+ Bxc6 35. Rxc6 h3 36. Rxa6 Rxg2+ 37. Rxg2 Rxg2+ 38. Kh1 Ra2 39. Rh6
Rxa4 40. Rxh3 1/2-1/2

[Event "59th World Juniors 2022"]
[Site "Cala Gonone ITA"]
[Date "2022.10.20"]
[Round "9.8"]
[White "Petkov, Momchil"]
[Black "Kosakowski, Jakub"]
[Result "1/2-1/2"]
[WhiteTitle "GM"]
[BlackTitle "IM"]
[WhiteElo "2511"]
[BlackElo "2465"]
[WhiteFideId "2921642"]
[BlackFideId "1185080"]
[EventDate "2022.10.12"]

1. d4 Nf6 2. c4 e6 3. g3 d5 4. Bg2 Be7 5. Nf3 O-O 6. O-O c6 7. Nc3 a5 8. Ne5
Nfd7 9. Be3 Na6 10. a3 Nxe5 11. dxe5 Bd7 12. Rc1 b5 13. cxb5 cxb5 14. Qd3 Qb8
15. Bd4 b4 16. axb4 axb4 17. Nb1 Qb5 18. Qe3 Rac8 19. Nd2 Rxc1 20. Rxc1 Rc8 21.
Ra1 Nb8 22. Nb3 Nc6 23. h4 h6 24. Rc1 Nxd4 25. Nxd4 Rxc1+ 26. Qxc1 Qc4 27. Qd2
Bc5 28. e3 Bb5 29. Qd1 Bxd4 30. Qxd4 Qxd4 1/2-1/2

[Event "59th World Juniors 2022"]
[Site "Cala Gonone ITA"]
[Date "2022.10.20"]
[Round "9.9"]
[White "Ghimpu, Samuel-Timotei"]
[Black "Zhu, Jiner"]
[Result "0-1"]
[WhiteTitle "FM"]
[BlackTitle "WGM"]
[WhiteElo "2434"]
[BlackElo "2484"]
[WhiteFideId "1238175"]
[BlackFideId "8608059"]
[EventDate "2022.10.12"]

1. e4 c5 2. Nf3 Nc6 3. d4 cxd4 4. Nxd4 Nf6 5. Nc3 d6 6. Bg5 Bd7 7. Nxc6 Bxc6 8.
Bxf6 gxf6 9. Bb5 Bxb5 10. Nxb5 Qa5+ 11. Nc3 e6 12. Qd3 Rg8 13. O-O Be7 14. Nd1
O-O-O 15. Ne3 Kb8 16. a4 d5 17. exd5 Bc5 18. Rfd1 Bxe3 19. Qxe3 Rxd5 20. Qf4+
Ka8 21. Qxf6 Qxa4 22. g3 Qxc2 23. Rxd5 exd5 24. Qd4 a6 25. Qxd5 Rg6 26. Qd4 Re6
27. b4 Re4 28. Qd8+ Ka7 29. b5 Rb4 30. bxa6 Rb1+ 31. Rxb1 Qxb1+ 32. Kg2 Qe4+ 33.
f3 Qe2+ 34. Kh3 Qe6+ 35. g4 b5 36. Qc7+ Kxa6 37. Qc5 Qh6+ 38. Kg3 Qb6 39. Qa3+
Kb7 40. f4 Qg1+ 41. Kf3 Qf1+ 42. Kg3 Qe1+ 43. Kh3 b4 44. Qa5 Qe3+ 45. Kh4 Qxf4
46. Qb5+ Kc7 47. Qc5+ Kd7 48. Qd5+ Ke7 49. Qb7+ Kf6 50. h3 Kg6 0-1

[Event "59th World Juniors 2022"]
[Site "Cala Gonone ITA"]
[Date "2022.10.20"]
[Round "9.10"]
[White "Nogerbek, Kazybek"]
[Black "Murzin, Volodar"]
[Result "1/2-1/2"]
[WhiteTitle "IM"]
[BlackTitle "IM"]
[WhiteElo "2467"]
[BlackElo "2557"]
[WhiteFideId "13710427"]
[BlackFideId "44155573"]
[EventDate "2022.10.12"]

1. d4 Nf6 2. Nf3 g6 3. c4 Bg7 4. g3 O-O 5. Bg2 d6 6. O-O Nc6 7. Nc3 a6 8. d5 Na5
9. b3 c5 10. dxc6 Nxc6 11. Bb2 Qa5 12. Qc1 Qh5 13. Rd1 Bh3 14. Nd5 Bxg2 15. Kxg2
Nxd5 16. Bxg7 Kxg7 17. Rxd5 Qh6 18. c5 Qxc1 19. Rxc1 dxc5 20. Rdxc5 Rfd8 21. Ne5
Nxe5 22. Rxe5 Rd7 23. Rec5 h5 24. h4 Rad8 25. e3 Rd2 26. R1c2 Kf6 27. Rxd2 Rxd2
28. Rc7 Rxa2 29. Rxb7 a5 30. Kf3 a4 31. bxa4 Rxa4 1/2-1/2

[Event "59th World Juniors 2022"]
[Site "Cala Gonone ITA"]
[Date "2022.10.20"]
[Round "9.11"]
[White "Gurel, Ediz"]
[Black "Muradli, Mahammad"]
[Result "0-1"]
[WhiteTitle "IM"]
[BlackTitle "GM"]
[WhiteElo "2445"]
[BlackElo "2550"]
[WhiteFideId "44507356"]
[BlackFideId "13409301"]
[EventDate "2022.10.12"]

1. e4 c5 2. Nf3 d6 3. d4 cxd4 4. Nxd4 Nf6 5. Nc3 a6 6. Bg5 e6 7. f3 Nbd7 8. Qd2
Qc7 9. O-O-O b5 10. g4 h6 11. Be3 b4 12. Nce2 d5 13. exd5 Nxd5 14. Bf2 Bb7 15.
Bg2 Rc8 16. Rhe1 Be7 17. h4 N7b6 18. Kb1 Na4 19. g5 hxg5 20. hxg5 Rh2 21. Rg1
Qb6 22. Qe1 Bc5 23. Ka1 g6 24. Bg3 Rh5 25. Qd2 Nxb2 26. Kxb2 Nc3 27. Nc1 Qa5 28.
Ndb3 Qa3+ 29. Ka1 Bd5 30. Be5 Bxg1 31. Rxg1 Bxb3 32. cxb3 Rd8 33. Qe3 Rd1 34.
Rxd1 Qb2+ 35. Kxb2 Nxd1+ 0-1

[Event "59th World Juniors 2022"]
[Site "Cala Gonone ITA"]
[Date "2022.10.20"]
[Round "9.12"]
[White "Harshavardhan, G B"]
[Black "Budisavljevic, Luka"]
[Result "0-1"]
[WhiteTitle "IM"]
[BlackTitle "GM"]
[WhiteElo "2433"]
[BlackElo "2524"]
[WhiteFideId "25059009"]
[BlackFideId "960047"]
[EventDate "2022.10.12"]

1. d4 Nf6 2. c4 e6 3. Nf3 a6 4. Nc3 d5 5. cxd5 exd5 6. Bg5 Be6 7. Bxf6 Qxf6 8.
Qb3 Ra7 9. Nxd5 Qd8 10. e4 c6 11. Qb6 cxd5 12. Qxa7 dxe4 13. Nd2 Bb4 14. Qxb7
Bxd2+ 15. Kxd2 O-O 16. Qxe4 Qa5+ 17. Kd1 Bb3+ 18. Ke2 Ba4 19. Qf4 g5 20. Qd6 Nd7
21. Kf3 Re8 22. Bc4 Qf5+ 23. Kg3 Ne5 24. f3 Qf4+ 25. Kf2 Ng4+ 0-1

[Event "59th World Juniors 2022"]
[Site "Cala Gonone ITA"]
[Date "2022.10.20"]
[Round "9.13"]
[White "Batsuren, Dambasuren"]
[Black "Olsen, Filip Boe"]
[Result "1-0"]
[WhiteTitle "GM"]
[BlackTitle "IM"]
[WhiteElo "2522"]
[BlackElo "2433"]
[WhiteFideId "4902920"]
[BlackFideId "1440640"]
[EventDate "2022.10.12"]

1. d4 Nf6 2. c4 e6 3. g3 d5 4. Bg2 dxc4 5. Nf3 a6 6. O-O Nc6 7. Nc3 Rb8 8. e4
Be7 9. Qe2 b5 10. Rd1 O-O 11. Bf4 Bb7 12. Rd2 Rc8 13. Rad1 Nb4 14. Ne1 Qd7 15.
a3 Nc6 16. Bh3 Na5 17. d5 Nb3 18. dxe6 Qc6 19. exf7+ Rxf7 20. Bxc8 Bxc8 21. Rc2
Ng4 22. Nf3 Qg6 23. Nd5 Bc5 24. Be3 Nxe3 25. Nxe3 Rf8 26. Nf5 Qe8 27. N3d4 Nxd4
28. Nxd4 Bb7 29. f3 Bc8 30. Kg2 h5 31. Rxc4 bxc4 32. Qxc4+ Kh8 33. Qxc5 h4 34.
gxh4 Rf6 35. Kh1 Rd6 36. Qxc7 Qf8 37. Qc3 Bh3 38. Qe3 Qd8 39. Qf2 Qb6 40. Qg3
Bc8 41. Qe5 Bh3 42. b4 a5 43. b5 a4 44. h5 Rd8 45. h6 Qxh6 46. Rg1 Rd7 47. Qe8+
Kh7 48. Nf5 Bxf5 49. exf5 Rd6 50. Qe4 Kh8 51. Qxa4 Rd2 52. Qa8+ Kh7 53. Qb8 Rd5
54. Qe8 Rxf5 55. Qe4 Qf6 56. b6 g6 57. b7 Rb5 58. a4 Rb4 59. Rxg6 1-0

[Event "59th World Juniors 2022"]
[Site "Cala Gonone ITA"]
[Date "2022.10.20"]
[Round "9.14"]
[White "Seo, Jung Min"]
[Black "Bournel, Antoine"]
[Result "1-0"]
[WhiteTitle "IM"]
[BlackTitle "FM"]
[WhiteElo "2520"]
[BlackElo "2402"]
[WhiteFideId "1734687"]
[BlackFideId "26093553"]
[EventDate "2022.10.12"]

1. e4 e5 2. Nf3 Nc6 3. Bb5 Nf6 4. d3 Bc5 5. Bxc6 dxc6 6. Nbd2 Nd7 7. O-O f6 8.
c3 Nf8 9. d4 exd4 10. Nb3 Be7 11. Nbxd4 c5 12. Nf5 Qxd1 13. Rxd1 Ne6 14. Nxe7
Kxe7 15. Be3 b6 16. Nd2 Bb7 17. f4 Rhd8 18. f5 Ng5 19. Bf4 Rd3 20. Re1 Rad8 21.
Nf1 g6 22. Ng3 R8d7 23. e5 gxf5 24. Nxf5+ Ke6 25. Ng3 Nf7 26. exf6+ Kxf6 27. Rf1
Kg6 28. Rae1 Bd5 29. a3 Bb3 30. h4 h5 31. Kh2 Bc4 32. Rf2 Rd1 33. Re4 Bd5 34.
Re8 Nd6 35. Bxd6 cxd6 36. Rf5 Rd2 37. Rg5+ Kf7 38. Re2 Rxe2 39. Nxe2 Re7 40. Nf4
Bc4 41. Rxh5 Re1 42. Rf5+ Kg8 43. Rf6 Rb1 44. b4 d5 45. bxc5 bxc5 46. Rc6 Rf1
47. Ng6 Bd3 48. Ne7+ Kf7 49. Nxd5 Be4 50. Rxc5 Rf2 51. Kg3 Rxg2+ 52. Kf4 Bd3 53.
Nb4 Bb1 54. Rc7+ Ke6 55. Rxa7 Rf2+ 56. Kg3 Rb2 57. Ra6+ Kf5 58. Ra5+ Ke4 59. a4
Ke3 60. Rb5 Ke4 61. Nc6 Rc2 62. Re5+ Kd3 63. Nb4+ 1-0

[Event "59th World Juniors 2022"]
[Site "Cala Gonone ITA"]
[Date "2022.10.20"]
[Round "9.15"]
[White "Droin, Augustin"]
[Black "Blohberger, Felix"]
[Result "1/2-1/2"]
[WhiteTitle "FM"]
[BlackTitle "GM"]
[WhiteElo "2416"]
[BlackElo "2493"]
[WhiteFideId "45105987"]
[BlackFideId "1632051"]
[EventDate "2022.10.12"]

1. e4 c5 2. Nf3 d6 3. d4 cxd4 4. Nxd4 Nf6 5. Nc3 Nc6 6. f3 e5 7. Nb3 Be7 8. Be3
Be6 9. Nd5 O-O 10. c4 a5 11. Rc1 a4 12. Na1 Nd7 13. Qd2 Nc5 14. Nxe7+ Qxe7 15.
Be2 f5 16. exf5 Bxf5 17. O-O Nd4 18. Rc3 Qf6 19. b4 axb3 20. Nxb3 Nxe2+ 21. Qxe2
b6 22. Qd2 h6 23. Bf2 Ra7 24. Nxc5 bxc5 25. Rb3 Ra6 26. Qb2 Qe6 27. Rc1 Kh7 28.
Rcc3 Rfa8 29. a3 R8a7 30. h4 Bg6 31. Rb8 Qf7 32. Rcb3 Ra8 33. Rxa8 Rxa8 34. Rb6
Rd8 35. Qb3 e4 36. Rb7 Rd7 37. Rxd7 Qxd7 38. Bg3 Qe6 39. fxe4 Qxe4 40. Qd1 Qxc4
41. Qxd6 Qc2 42. Be1 c4 1/2-1/2

[Event "59th World Juniors 2022"]
[Site "Cala Gonone ITA"]
[Date "2022.10.20"]
[Round "9.16"]
[White "Parkhov, Yair"]
[Black "Andreev, Konstantin"]
[Result "1-0"]
[WhiteTitle "IM"]
[BlackTitle "CM"]
[WhiteElo "2484"]
[BlackElo "2206"]
[WhiteFideId "2813408"]
[BlackFideId "24239305"]
[EventDate "2022.10.12"]

1. d4 d5 2. c4 dxc4 3. Nf3 Nf6 4. e3 e6 5. Bxc4 a6 6. O-O c5 7. e4 b5 8. Be2
Nxe4 9. a4 b4 10. Nbd2 Nxd2 11. Bxd2 Bb7 12. Bg5 Be7 13. Bxe7 Qxe7 14. dxc5 Qxc5
15. Rc1 Qe7 16. a5 O-O 17. Qa4 Bd5 18. Ne5 Qb7 19. f3 Qa7+ 20. Rf2 Qe3 21. Nd3
Rd8 22. Bf1 Nd7 23. Re1 Qa7 24. Nxb4 Nc5 25. Qa3 Rab8 26. Nxd5 Rb3 27. Qa1 Rxd5
28. Qc1 Rd8 29. Rd1 Rdb8 30. Rdd2 h6 31. h3 R3b4 32. Rc2 Nb3 33. Rc8+ Rxc8 34.
Qxc8+ Kh7 35. Qc3 Rb7 36. Qd3+ g6 37. Qxa6 Nxa5 38. Qxa7 Rxa7 39. b4 Nc6 40. b5
Nd4 41. Rb2 Rb7 42. b6 Nc6 43. Ba6 Re7 44. Rc2 Nb8 45. Rc7 Rd7 46. Bb5 Rd1+ 47.
Kf2 Rb1 48. Rxf7+ Kg8 49. Rb7 Rxb5 50. Rxb8+ Kg7 51. Ke3 Rb2 52. Kd4 Kf6 53. f4
g5 54. g3 gxf4 55. gxf4 Ke7 56. b7 Kd7 57. Rh8 Rb4+ 58. Kc5 Rxb7 59. Rh7+ Kc8
60. Rxb7 Kxb7 61. Kd6 Kc8 62. Kxe6 Kd8 63. Kf7 1-0

[Event "59th World Juniors 2022"]
[Site "Cala Gonone ITA"]
[Date "2022.10.20"]
[Round "9.17"]
[White "Manish Anto, Cristiano F"]
[Black "Samunenkov, Ihor"]
[Result "1/2-1/2"]
[WhiteTitle "IM"]
[BlackTitle "IM"]
[WhiteElo "2332"]
[BlackElo "2473"]
[WhiteFideId "25095927"]
[BlackFideId "14187086"]
[EventDate "2022.10.12"]

1. e4 c5 2. Nf3 Nc6 3. d4 cxd4 4. Nxd4 Nf6 5. Nc3 e5 6. Ndb5 d6 7. Nd5 Nxd5 8.
exd5 Ne7 9. c4 Ng6 10. Qa4 Bd7 11. Qb4 Qb8 12. h4 h5 13. Be2 Be7 14. g3 a6 15.
Nc3 b5 16. cxb5 axb5 17. Nxb5 O-O 18. a4 f5 19. Bxh5 Bxb5 20. Bxg6 Qb7 21. Qb3
Bd8 22. Ra3 Ba5+ 23. Bd2 Qc7 24. Bxa5 Qxa5+ 25. Qc3 Qxc3+ 26. bxc3 Bc4 27. Kd2
Rab8 28. Rc1 f4 29. g4 Bxd5 30. a5 e4 31. a6 Rb2+ 32. Rc2 Rb1 33. c4 Ba8 34. Rc1
Rb2+ 35. Rc2 Rb1 36. Kc3 Rc8 37. Bf5 Re8 38. a7 e3 39. Re2 f3 40. Rxe3 Rxe3+ 41.
fxe3 f2 42. Bd3 Rd1 43. Be2 Re1 44. Bd3 Kf7 45. Rb3 Rxe3 46. Rb1 Re1 47. Rb2
f1=Q 48. Bxf1 Rxf1 49. Rb8 Bg2 50. a8=Q Bxa8 51. Rxa8 Rf4 52. Ra7+ Kf8 53. Ra8+
Kf7 54. Ra7+ Kf8 55. Rd7 Rxg4 56. Rxd6 Rxh4 57. c5 Ke7 58. Rg6 Kd7 1/2-1/2

[Event "59th World Juniors 2022"]
[Site "Cala Gonone ITA"]
[Date "2022.10.20"]
[Round "9.18"]
[White "Zemach, Nadav"]
[Black "Gorshtein, Ido"]
[Result "1/2-1/2"]
[WhiteTitle "FM"]
[BlackTitle "IM"]
[WhiteElo "2293"]
[BlackElo "2471"]
[WhiteFideId "2820927"]
[BlackFideId "2815532"]
[EventDate "2022.10.12"]

1. d4 Nf6 2. c4 e6 3. g3 d5 4. Bg2 Bb4+ 5. Nd2 O-O 6. Nf3 b6 7. O-O Bb7 8. a3
Be7 9. cxd5 exd5 10. b4 Nbd7 11. Rb1 Re8 12. Bb2 Bd6 13. Re1 Ne4 14. Nxe4 dxe4
15. Nd2 b5 16. Nb3 Bd5 17. Nc5 Nf6 18. e3 h5 19. f4 exf3 20. Bxf3 Ne4 21. Nxe4
Bxe4 22. Bxe4 Rxe4 23. Qxh5 Qe7 24. Qxb5 Rxe3 25. Kf2 Re8 26. Qxe8+ Qxe8 27.
Rxe3 Qb5 28. Rbe1 Qd5 29. Rf3 g5 30. h3 f5 31. Rfe3 Kg7 32. g4 f4 33. Rf3 Kf7
34. Kg2 Be7 35. Re2 c6 36. Rf2 Qe4 37. Kh2 Ke6 38. Kg1 Kd5 39. Kh2 a5 40. Bc3
Kc4 41. Kg2 Bd6 42. Rd2 axb4 43. axb4 Bxb4 44. Bxb4 Kxb4 45. Rf2 Qh7 46. Rb2+
Kc4 47. Rd2 Qe4 48. Kf2 Qb1 49. Kg2 Qe1 50. Rdf2 Kxd4 51. h4 Qe6 52. hxg5 Qxg4+
53. Kf1 Qxg5 54. Rxf4+ Ke5 55. Ke2 Qh5+ 56. Kd2 Qh6 57. Kc3 Qxf4 58. Rxf4 Kxf4
59. Kc4 c5 60. Kxc5 1/2-1/2

[Event "59th World Juniors 2022"]
[Site "Cala Gonone ITA"]
[Date "2022.10.20"]
[Round "9.19"]
[White "Veiga, Jose Francisco R P Neves"]
[Black "Davtyan, Artur"]
[Result "0-1"]
[WhiteTitle "IM"]
[BlackTitle "IM"]
[WhiteElo "2409"]
[BlackElo "2517"]
[WhiteFideId "1930087"]
[BlackFideId "13308327"]
[EventDate "2022.10.12"]

1. e4 c5 2. Nf3 d6 3. Bb5+ Nd7 4. d4 cxd4 5. Qxd4 e6 6. Nc3 a6 7. Bxd7+ Bxd7 8.
Bg5 Nf6 9. O-O Be7 10. Rad1 Bc6 11. Qd3 O-O 12. Rfe1 Rc8 13. Nd4 Qc7 14. Nxc6
Qxc6 15. Re3 Rfd8 16. Qe2 h6 17. Bh4 b5 18. a3 Qb7 19. Kh1 Rc4 20. f3 Rdc8 21.
Bg3 b4 22. axb4 Qxb4 23. Be1 Qb7 24. Bg3 Bf8 25. Red3 Qxb2 26. Rb1 Qa3 27. Nd5
Qa2 28. Nxf6+ gxf6 29. Rdd1 Rxc2 30. Qe3 e5 31. Ra1 Qc4 32. Bh4 Re2 33. Qg1 f5
34. Rdc1 Qe6 35. Rxc8 Qxc8 36. Qf1 Rc2 37. h3 Qc4 38. Qe1 fxe4 39. fxe4 Kh7 40.
Kh2 Bg7 41. Rd1 Re2 42. Qf1 Rxe4 43. Qf5+ Kg8 44. Bg3 d5 45. Rb1 Qc7 46. Rd1 Qc6
47. Rb1 Qe8 48. Ra1 Qe6 49. Qf2 Rc4 50. Qa7 Rc6 51. Rb1 d4 52. Rb8+ Kh7 53. Rb7
Kg6 54. Re7 Qf5 0-1

[Event "59th World Juniors 2022"]
[Site "Cala Gonone ITA"]
[Date "2022.10.20"]
[Round "9.20"]
[White "Barseghyan, Armen Ar."]
[Black "Horvath, Dominik"]
[Result "1/2-1/2"]
[WhiteTitle "IM"]
[BlackTitle "IM"]
[WhiteElo "2402"]
[BlackElo "2505"]
[WhiteFideId "13306707"]
[BlackFideId "1642561"]
[EventDate "2022.10.12"]

1. d4 Nf6 2. Nf3 d5 3. Bf4 c5 4. e3 Nc6 5. Nbd2 Nh5 6. Be5 e6 7. dxc5 Bxc5 8. c4
O-O 9. cxd5 exd5 10. Rc1 Bb6 11. Be2 Re8 12. O-O Bf5 13. Bc3 Nf4 14. exf4 d4 15.
Bb5 dxc3 16. Rxc3 Qd6 17. Bxc6 bxc6 18. Nc4 Qxf4 19. Nxb6 axb6 20. Rxc6 b5 21.
Rc5 b4 22. g3 Qg4 23. Nd4 Qxd1 24. Rxd1 Bh3 25. Rb5 Rxa2 26. Rxb4 h5 27. f3 Rea8
28. Kf2 Ra1 29. Rxa1 Rxa1 30. Ne2 Rf1+ 31. Ke3 g5 32. Rb8+ Kg7 33. b4 Rh1 34. b5
Rxh2 35. b6 Bf1 36. Nd4 Rb2 37. Nf5+ Kf6 38. Nd6 Ke7 39. Ne4 h4 40. gxh4 gxh4
41. b7 h3 42. Nc5 Bg2 43. Rh8 Kd6 44. b8=Q+ Rxb8 45. Rxb8 h2 46. Ne4+ Kc7 47.
Rh8 h1=Q 48. Rxh1 Bxh1 49. Ng5 Bxf3 1/2-1/2

[Event "59th World Juniors 2022"]
[Site "Cala Gonone ITA"]
[Date "2022.10.20"]
[Round "9.21"]
[White "Stefansson, Vignir Vatnar"]
[Black "Galaviz Medina, Sion Radamantys"]
[Result "1-0"]
[WhiteTitle "IM"]
[BlackTitle "IM"]
[WhiteElo "2471"]
[BlackElo "2345"]
[WhiteFideId "2308649"]
[BlackFideId "5123119"]
[EventDate "2022.10.12"]

1. d4 Nf6 2. c4 e6 3. Nf3 d5 4. Nc3 Be7 5. g3 O-O 6. Bg2 b6 7. cxd5 exd5 8. O-O
h6 9. Bf4 Be6 10. Rc1 c5 11. Ne5 a6 12. dxc5 bxc5 13. Na4 Qa5 14. Nc4 Qd8 15.
Ne5 Qa5 16. Qc2 Nfd7 17. Nc4 Qb5 18. Ne3 Nf6 19. Rfd1 Rd8 20. Nc3 Qb7 21. Be5
Nc6 22. Bxf6 Bxf6 23. Nexd5 Be5 24. Na4 Bxd5 25. Rxd5 Bd6 26. Nxc5 Qe7 27. Qe4
Rac8 28. Nd3 Nb4 29. Rxc8 Rxc8 30. Rxd6 1-0

[Event "59th World Juniors 2022"]
[Site "Cala Gonone ITA"]
[Date "2022.10.20"]
[Round "9.22"]
[White "Neelash, Saha"]
[Black "Brahami, Lamine"]
[Result "1/2-1/2"]
[WhiteTitle "IM"]
[BlackTitle "IM"]
[WhiteElo "2446"]
[BlackElo "2188"]
[WhiteFideId "5094160"]
[BlackFideId "7905637"]
[EventDate "2022.10.12"]

1. e4 c5 2. Nf3 d6 3. d4 cxd4 4. Nxd4 Nf6 5. Nc3 a6 6. h3 e5 7. Nf3 Qc7 8. g4
Be6 9. Be3 Be7 10. g5 Nfd7 11. Nd5 Bxd5 12. Qxd5 Nb6 13. Bxb6 Qxb6 14. Qb3 Qxb3
15. axb3 h6 16. gxh6 Rxh6 17. b4 Rf6 18. Bb5+ Nc6 19. Ke2 Rf4 20. Nd2 Rc8 21.
Bxc6+ Rxc6 22. c3 g6 23. f3 f5 24. Ra5 Kf7 25. Rd5 b5 26. Rd3 Rh4 27. Kf2 Bg5
28. Kg3 Bf4+ 29. Kg2 Bxd2 30. Rxd2 fxe4 31. fxe4 Rxe4 32. Rf1+ Ke7 33. Rdf2 g5
34. Rf7+ Ke6 35. R7f6+ Kd5 36. Rd1+ Kc4 37. Rd2 Rf4 38. Rfxd6 Rxd6 39. Rxd6 e4
40. Rxa6 e3 41. Re6 Kd3 42. Re5 Rf2+ 43. Kg3 Rxb2 44. Rxg5 Rb1 45. Rd5+ Kxc3 46.
Kf3 Kc4 47. Re5 Rf1+ 48. Kxe3 Kxb4 49. Kd2 Rh1 50. Re3 Kc4 51. Kc2 Rh2+ 1/2-1/2